00509cam a2200181 a 4500020003100000020002800031020003100059020002800090082001600118100001800134245001800152250001200170260004600182300004300228650001800271650001800289700002000307 a9780470570951 (alk. paper) a0470570954 (alk. paper) a9780470917459 (alk. paper) a0470917458 (alk. paper) a574.192 VOE1 aVoet, Donald.10aBiochemistry  a4th ed. aHoboken, NJ :bJohn Wiley & Sons,cc2011. axxv, 1428, 53 p. :bill. (some col.) ; 0aBiochemistry.12aBiochemistry.1 aVoet, Judith G.